U2 ~ Iris (Hold Me Close) - Statistics

General Stats
  • This quiz has been taken 19 times
    17 since last reset
  • The average score is 219 of 284
Answer Stats
Answer % Correct
a
100%
an
100%
are
100%
close
100%
Hold
100%
I
100%
in
100%
light
100%
me
100%
Of
100%
of
100%
so
100%
to
100%
you
100%
You
100%
and
92%
be
92%
Iris
92%
it
92%
It
92%
it's
92%
know
92%
my
92%
on
92%
star
92%
The
92%
the
92%
we
92%
We
92%
your
92%
been
85%
by
85%
do
85%
don't
85%
Don't
85%
eyes
85%
go
85%
her
85%
is
85%
let
85%
not
85%
Something
85%
who
85%
Who
85%
am
77%
But
77%
but
77%
gives
77%
gone
77%
Has
77%
illusion
77%
I'm
77%
Like
77%
see
77%
that
77%
us
77%
while
77%
can
69%
heart
69%
here
69%
might
69%
much
69%
part
69%
She
69%
there
69%
Took
69%
took
69%
was
69%
all
62%
got
62%
hand
62%
inside
62%
I've
62%
out
62%
says
62%
someone
62%
thousand
62%
where
62%
years
62%
ache
54%
death
54%
get
54%
If
54%
isn't
54%
just
54%
lets
54%
made
54%
night
54%
stars
54%
tells
54%
We're
54%
will
54%
could
46%
darkness
46%
dream
46%
fear
46%
man
46%
nightmares
46%
sand
46%
sure
46%
they
46%
thought
46%
up
46%
went
46%
world
46%
again
38%
beautiful
38%
begin
38%
beneath
38%
boy
38%
bright
38%
buries
38%
came
38%
cold
38%
forget
38%
Free
38%
hall
38%
leading
38%
met
38%
standing
38%
very
38%
wakes
38%
yourself
38%
before
31%
born
31%
machine
31%
meeting
31%
Once
31%
only
31%
reason
31%
strand
31%
universe
31%
Long
23%
playing
23%
No matching quizzes found
Score Distribution
Percent of People with Each Score
Percentile by Number Answered
Your Score History
You have not taken this quiz since the last reset